00261nam a22000977a 450008200150000010000220001524500450003726000460008230000080012865000270013600a207.54 KOO aKoovackal, George aHenry Maryn Institute of Islamic Studies aAligarhbAligarh Muslim University c1981 a102 aHenry Martyn-Biography